| 000 | 00377nam a2200145Ia 4500 | ||
|---|---|---|---|
| 008 | 230917s9999||||xx |||||||||||||| ||und|| | ||
| 040 |
_e2409 _aMAIN |
||
| 041 | _aEnglish | ||
| 082 | _a327.116 J199S | ||
| 100 | _aJain, B M | ||
| 245 | 0 | _aSouth Asian security:Problems and prospects | |
| 260 |
_aNew Delhi _bRadiant Publishers _c1985 |
||
| 300 | _axiii, 201 p. | ||
| 942 | _cOB | ||
| 999 |
_c232757 _d232757 |
||